000 01584 a2200325 4500
003 NUST
005 20230102131035.0
010 _a 2005432617
020 _a1840189614
035 _a(OCoLC)ocm57638276
040 _cNust
082 0 4 _a365.45,HOL
100 1 _aHollingsworth, Mark
_9106617
245 1 0 _aSaudi Babylon :
_btorture, corruption and cover-up inside the House of Saud /
_cMark Hollingsworth with Sandy Mitchell.
260 _aEdinburgh :
_bMainstream,
_c2005.
300 _a240 p., [8] p. of plates :
_bill. (some col.) ;
_c24 cm.
505 _aThe Saudi Inquisition (Page-11), Caught in Al Qaeda’s Wave of Terror (Page-34), A Sector Death Sentence (Page-54), Sleeping with the Enemy (Page-115), The Deal (Page-137), Released by Al Qaeda (Page-170), A Hostage to Saudi Oil (Page-196).
600 1 0 _aMitchell, Sandy
_xImprisonment.
_9106618
610 2 0 _aLabour Party (Great Britain)
_912085
650 0 _aFalse imprisonment
_zSaudi Arabia.
_9106619
650 0 _aPolitical prisoners
_zSaudi Arabia.
_9106620
650 0 _aPoliticians
_zGreat Britain
_xAttitudes.
_9106621
650 0 _aTorture
_zSaudi Arabia.
_9106622
651 0 _aGreat Britain
_xForeign relations
_zSaudi Arabia.
_912841
651 0 _aSaudi Arabia
_xForeign relations
_zGreat Britain.
_912840
700 1 _aHollingsworth, Mark,
_d1959-
_9106623
856 4 2 _3Contributor biographical information
_uhttp://www.loc.gov/catdir/enhancements/fy0661/2005432617-b.html
856 4 2 _3Publisher description
_uhttp://www.loc.gov/catdir/enhancements/fy0661/2005432617-d.html
942 _2ddc
_cBK
_k365.45,HOL
999 _c184092
_d184092